আরব জাতির ইতিহাস / (Record no. 37871)
[ view plain ]
| 000 -LEADER | |
|---|---|
| fixed length control field | 01178nam a22002537a 4500 |
| 001 - CONTROL NUMBER | |
| control field | 37871 |
| 003 - CONTROL NUMBER IDENTIFIER | |
| rucl marc code | BD-RjUL |
| 005 - DATE AND TIME OF LATEST TRANSACTION | |
| control field | 20211209052659.0 |
| 008 - FIXED-LENGTH DATA ELEMENTS--GENERAL INFORMATION | |
| fixed length control field | 150804s2008 bg ||||| |||| 00| 0 ben d |
| 020 ## - INTERNATIONAL STANDARD BOOK NUMBER | |
| International Standard Book Number | 984074724x |
| 035 ## - SYSTEM CONTROL NUMBER | |
| System control number | (BD-RjUL)37976 |
| 040 ## - CATALOGING SOURCE | |
| Original cataloging agency | BD-RjUL |
| Language of cataloging | eng |
| Transcribing agency | BD-RjUL |
| 041 ## - LANGUAGE CODE | |
| Language code of text/sound track or separate title | ben |
| 082 ## - DEWEY DECIMAL CLASSIFICATION NUMBER | |
| Classification number | 909.097671 |
| 100 ## - MAIN ENTRY--PERSONAL NAME | |
| Personal name | আলী, সৈয়দ আমীর |
| 9 (RLIN) | 117339 |
| 245 ## - TITLE STATEMENT | |
| Title | আরব জাতির ইতিহাস / |
| Remainder of title | [ হিস্ট্রি অফ সারাসিনস্ ] / |
| Statement of responsibility, etc. | সৈয়দ আমীর আলী ; শেখ রেয়াজুদ্দীন আহম্মদ অনূদিত, মফীজুল্লাহ কবীর সম্পাদিত |
| 250 ## - EDITION STATEMENT | |
| Edition statement | ২য় সং. |
| 260 ## - PUBLICATION, DISTRIBUTION, ETC. (IMPRINT) | |
| Place of publication, distribution, etc. | ঢাকা : |
| Name of publisher, distributor, etc. | বাংলা একাডেমী, |
| Date of publication, distribution, etc. | ১৯৮১ [পূনর্মুদ্রণ ২০০৮ ] |
| 300 ## - PHYSICAL DESCRIPTION | |
| Pagination | ৪৫৬ পৃ . ; |
| Size | ২০ সেমি. |
| 651 ## - SUBJECT ADDED ENTRY--GEOGRAPHIC NAME | |
| Geographic name | Islamic Empire |
| General subdivision | History. |
| 9 (RLIN) | 117340 |
| 700 ## - ADDED ENTRY--PERSONAL NAME | |
| Personal name | আহম্মদ, শেখ রেয়াজুদ্দীন |
| Personal name | কবীর, মফীজুল্লাহ |
| 942 ## - ADDED ENTRY ELEMENTS (KOHA) | |
| Source of classification or shelving scheme | Dewey Decimal Classification |
| Koha item type | Books |
| Lost status | Source of classification or shelving scheme | Damaged status | Not for loan | Collection code | Permanent Location | Current Location | Shelving location | Date acquired | Source of acquisition | Cost, normal purchase price | Total Checkouts | Full call number | Date last seen | Date checked out | Copy number | Koha item type |
|---|---|---|---|---|---|---|---|---|---|---|---|---|---|---|---|---|
| Dewey Decimal Classification | Non-fiction | Central Library, University of Rajshahi | Central Library, University of Rajshahi | 04/08/2015 | Bangla Acadamy | 220.00 | 9 | B 909.097671 AMA 2008 | 04/11/2024 | 21/10/2024 | C-7 | Books |